żeńskie imiona na litere A - Statystyki

Ogólne statystyki
  • Ten quiz został rozwiązany 1 625 razy
  • Średni wynik to 9 z 16
Statystyki odpowiedzi
Hint Odpowiedź % Poprawnych
5 Anna
96%
8 Alicja
79%
11 Agnieszka
74%
3 Amelia
74%
7 Aleksandra
62%
10 Agata
61%
16 Anastazja
60%
12 Aneta
52%
4 Alina
51%
1 Adrianna
48%
14 Anita
42%
9 Antonina
41%
6 Aniela
39%
15 Angelika
38%
2 Adela
28%
13 Arleta
21%
Nie znaleziono quizów pasujących do podanych kryteriów
Rozkład punktacji
Procent ludzi z każdym wynikiem
Percentyl według liczby udzielonych odpowiedzi
Twoja historia wyników
Nie rozwiązałeś tego quizu